000 01111cam a2200337 i 4500
001 200466034
003 TR-AnTOB
005 20251021105941.0
007 ta
008 061123s20172010tu 000 0 tur d
020 _a9786059778381
040 _aBGZ
_beng
_erda
_cBGZ
_dTR-AnTOB
041 0 _atur
050 1 4 _aBF1622.I8
_bK55 2017
090 _aBF1622.I8
_bK55 2017
100 1 _aKılıç, Mahmut Erol
_980642
_eauthor
245 1 0 _aHermesler hermesi :
_bİslam kaynakları ışığında Hermes ve Hermetik düşünce /
_cMahmud Erol Kılıç.
250 _a2. baskı Ocak 2017
264 _aİstanbul :
_bArkeoloji ve Sanat yayınları,
_c2017.
300 _a236 pages ;
_c21 cm
336 _atext
_btxt
_2rdacontent
337 _aunmediated
_bn
_2rdamedia
338 _avolume
_bnc
_2rdacarrier
490 _aSufi Kitap ;
_v120
_aTasavvuf araştırmaları ;
_v12
_aMahmud Erol Kılıç kitaplığı ;
_v13
504 _aBIBINDX
600 0 0 _aHermes, Trismegistus.
650 7 _aİslami okültizm
_2etuturkob
_9150494
650 0 0 _aHermetism
_988613
942 _2lcc
_cBK
999 _c200466034
_d84246